Γενέθλια γη

Αποθηκεύτηκε σε:
Λεπτομέρειες βιβλιογραφικής εγγραφής
Κύριος συγγραφέας: Κρανιδιώτης, Νίκος, 1911-1997
Μορφή: Βιβλίο
Γλώσσα:Greek
Δημοσίευση: Αθήνα : Ιδρυμα Α. Γ.Λεβέντη, [1988]
Θέματα:
Ετικέτες: Προσθήκη ετικέτας
Δεν υπάρχουν, Καταχωρήστε ετικέτα πρώτοι!

MARC

LEADER 00000nam a2200000 i 4500
001 1/81702
008 970304s1988 gre d
020 |a 9963-7504-8-6 
035 |a 1993  |b 1  |c Δωρεά  |l 10033757 
040 |a GR-MY-UA  |b gre  |e aacr 
041 0 |a gre 
082 0 |a 889.14 
100 1 |a Κρανιδιώτης, Νίκος,   |d 1911-1997. 
245 1 0 |a Γενέθλια γη /  |c Νίκου Κρανιδιώτη 
260 |a Αθήνα :   |b Ιδρυμα Α. Γ.Λεβέντη,   |c [1988] 
300 |a 89 σ. 
650 0 0 |a Cyprian poetry. 
852 |a INST  |b RHODES  |e 19970304  |h 889.14 ΚΡΑ  |p 005400010270  |q 005400010270  |t BK  |y 0 
852 |a INST  |b RHODES  |e 20070703  |h 889.14 ΚΡΑ  |p 005400026387  |q 005400026387  |t BK  |y 0 
909 |a Ρ  |b 024563  |c 1993 
909 |a Ρ  |b 128011 
970 |z 2000/06/ΟΙΚΟΝΟΜΟΠΟΥΛΟΥ (SUBJECT)